000 01437cam a2200337 i 4500
001 20151988
003 OSt
005 20260316124306.0
008 171122s2018 ilu 001 0 eng
010 _a 2017052040
020 _a9781433549878
_qtp
035 _a20151988
040 _aDLC
_beng
_cDLC
_erda
_dDLC
042 _apcc
050 0 0 _aBT130
_b.W549 2018
082 0 0 _a231/.4
_223
100 1 _aWilkin, Jen,
_d1969-
_eauthor.
245 1 0 _aIn His image :
_b10 ways God calls us to reflect his character /
_cJen Wilkin.
264 1 _aWheaton, Illinois :
_bCrossway,
_c[2018]
300 _a167 pages ;
_c21 cm
336 _atext
_btxt
_2rdacontent
337 _aunmediated
_bn
_2rdamedia
338 _avolume
_bnc
_2rdacarrier
500 _aIncludes index.
505 0 _aAsking the better question -- God most holy -- God most loving -- God most good -- God most just -- God most merciful -- God most gracious -- God most faithful -- God most patient -- God most truthful -- God most wise -- Engraved with his image.
650 0 _aGod (Christianity)
_xAttributes.
776 0 8 _iOnline version:
_aWilkin, Jen, 1969- author.
_tIn His image
_dWheaton : Crossway, 2018
_z9781433549885
_w(DLC) 2018011739
906 _a7
_bcbc
_corignew
_d1
_eecip
_f20
_gy-gencatlg
942 _2lcc
_cBK
999 _c21462
_d21461